LIBRARY & INFORMATION CENTRE, KCAET, TAVANUR

ONLINE PUBLIC ACCESS CATALOGUE (OPAC)

Current problems in animal behaviour / (Record no. 9280)

MARC details
000 -LEADER
fixed length control field 00414cam a2200157ua 4500
041 ## - LANGUAGE CODE
Language code of text/sound track or separate title eng
082 ## - DEWEY DECIMAL CLASSIFICATION NUMBER
Classification number 591.51
Item number ZAN/CU
100 ## - MAIN ENTRY--AUTHOR NAME
Personal name Zangwill, O L .
245 ## - TITLE STATEMENT
Title Current problems in animal behaviour /
260 ## - PUBLICATION, DISTRIBUTION, ETC. (IMPRINT)
Place of publication Cambridge :
Name of publisher Cambridge University Press ,
Year of publication 1961.
300 ## - PHYSICAL DESCRIPTION
Number of Pages 424 ; .
700 1# - ADDED ENTRY--PERSONAL NAME
Personal name Thorpe, W H .
942 ## - ADDED ENTRY ELEMENTS (KOHA)
Koha item type Books
Holdings
Withdrawn status Lost status Damaged status Home library Current library Date acquired Full call number Accession Number Koha item type
      KAUAET KAUAET 07/04/2012 591.51 ZAN/CU 5501 Books
free website counter